<?xml version="1.0" encoding="UTF-8"?>
<collection xmlns="http://www.loc.gov/MARC21/slim">
 <record>
  <leader>02507aam a22002898a 4500</leader>
  <controlfield tag="001">NCT_11175</controlfield>
  <controlfield tag="008">140226s2014                  ||||||viesd</controlfield>
  <datafield tag="999" ind1=" " ind2=" ">
   <subfield code="c">535</subfield>
   <subfield code="d">535</subfield>
  </datafield>
  <datafield tag="020" ind1=" " ind2=" ">
   <subfield code="a">9786047315000</subfield>
   <subfield code="c">60000</subfield>
  </datafield>
  <datafield tag="082" ind1="0" ind2="4">
   <subfield code="2">23rd ed.</subfield>
   <subfield code="a">341</subfield>
   <subfield code="b">H401</subfield>
  </datafield>
  <datafield tag="100" ind1="1" ind2=" ">
   <subfield code="a">Nguyễn Thị Phương Hoa</subfield>
  </datafield>
  <datafield tag="245" ind1="1" ind2="0">
   <subfield code="a">Luật hình sự quốc tế với việc đảm bảo quyền con người</subfield>
   <subfield code="c">Nguyễn Thị Phương Hoa</subfield>
  </datafield>
  <datafield tag="260" ind1=" " ind2=" ">
   <subfield code="a">Tp. Hồ Chí Minh</subfield>
   <subfield code="b">Nxb. Đại học Quốc gia Tp. Hồ Chí Minh</subfield>
   <subfield code="c">2014</subfield>
  </datafield>
  <datafield tag="300" ind1=" " ind2=" ">
   <subfield code="a">283tr.</subfield>
   <subfield code="b">bảng</subfield>
   <subfield code="c">21cm</subfield>
  </datafield>
  <datafield tag="520" ind1="3" ind2=" ">
   <subfield code="a">Tập hợp các kiến thức về Luật Hình sự Quốc tế và vai trò của Luật Hình sự trong việc bảo đảm quyền con người như một công cụ bảo đảm quyền con người; các vấn đề tội phạm quốc tế và những tội ác vi phạm nghiêm trọng quyền con người; tội phạm có tính chất quốc tế...</subfield>
  </datafield>
  <datafield tag="653" ind1=" " ind2=" ">
   <subfield code="a">Luật học</subfield>
  </datafield>
  <datafield tag="942" ind1=" " ind2=" ">
   <subfield code="2">ddc</subfield>
   <subfield code="c">BK</subfield>
  </datafield>
  <datafield tag="952" ind1=" " ind2=" ">
   <subfield code="0">0</subfield>
   <subfield code="1">0</subfield>
   <subfield code="2">ddc</subfield>
   <subfield code="4">0</subfield>
   <subfield code="6">341_000000000000000_H401</subfield>
   <subfield code="7">0</subfield>
   <subfield code="9">3864</subfield>
   <subfield code="a">000001</subfield>
   <subfield code="b">000001</subfield>
   <subfield code="d">2017-11-20</subfield>
   <subfield code="o">341 H401</subfield>
   <subfield code="p">MD.02341</subfield>
   <subfield code="r">2017-11-20</subfield>
   <subfield code="v">60000.00</subfield>
   <subfield code="w">2017-11-20</subfield>
   <subfield code="y">BK</subfield>
  </datafield>
  <datafield tag="952" ind1=" " ind2=" ">
   <subfield code="0">0</subfield>
   <subfield code="1">0</subfield>
   <subfield code="2">ddc</subfield>
   <subfield code="4">0</subfield>
   <subfield code="6">341_000000000000000_H401</subfield>
   <subfield code="7">0</subfield>
   <subfield code="9">3865</subfield>
   <subfield code="a">000001</subfield>
   <subfield code="b">000001</subfield>
   <subfield code="d">2017-11-20</subfield>
   <subfield code="o">341 H401</subfield>
   <subfield code="p">MD.02342</subfield>
   <subfield code="r">2017-11-20</subfield>
   <subfield code="v">60000.00</subfield>
   <subfield code="w">2017-11-20</subfield>
   <subfield code="y">BK</subfield>
  </datafield>
  <datafield tag="952" ind1=" " ind2=" ">
   <subfield code="0">0</subfield>
   <subfield code="1">0</subfield>
   <subfield code="2">ddc</subfield>
   <subfield code="4">0</subfield>
   <subfield code="6">341_000000000000000_H401</subfield>
   <subfield code="7">0</subfield>
   <subfield code="9">3866</subfield>
   <subfield code="a">000001</subfield>
   <subfield code="b">000001</subfield>
   <subfield code="d">2017-11-20</subfield>
   <subfield code="o">341 H401</subfield>
   <subfield code="p">MD.02343</subfield>
   <subfield code="r">2017-11-20</subfield>
   <subfield code="v">60000.00</subfield>
   <subfield code="w">2017-11-20</subfield>
   <subfield code="y">BK</subfield>
  </datafield>
  <datafield tag="952" ind1=" " ind2=" ">
   <subfield code="0">0</subfield>
   <subfield code="1">0</subfield>
   <subfield code="2">ddc</subfield>
   <subfield code="4">0</subfield>
   <subfield code="6">341_000000000000000_H401</subfield>
   <subfield code="7">0</subfield>
   <subfield code="9">3867</subfield>
   <subfield code="a">000001</subfield>
   <subfield code="b">000001</subfield>
   <subfield code="d">2017-11-20</subfield>
   <subfield code="o">341 H401</subfield>
   <subfield code="p">MD.02344</subfield>
   <subfield code="r">2017-11-20</subfield>
   <subfield code="v">60000.00</subfield>
   <subfield code="w">2017-11-20</subfield>
   <subfield code="y">BK</subfield>
  </datafield>
  <datafield tag="952" ind1=" " ind2=" ">
   <subfield code="0">0</subfield>
   <subfield code="1">0</subfield>
   <subfield code="2">ddc</subfield>
   <subfield code="4">0</subfield>
   <subfield code="6">341_000000000000000_H401</subfield>
   <subfield code="7">0</subfield>
   <subfield code="9">3868</subfield>
   <subfield code="a">000001</subfield>
   <subfield code="b">000001</subfield>
   <subfield code="d">2017-11-20</subfield>
   <subfield code="o">341 H401</subfield>
   <subfield code="p">MD.02345</subfield>
   <subfield code="r">2017-11-20</subfield>
   <subfield code="v">60000.00</subfield>
   <subfield code="w">2017-11-20</subfield>
   <subfield code="y">BK</subfield>
  </datafield>
  <datafield tag="952" ind1=" " ind2=" ">
   <subfield code="0">0</subfield>
   <subfield code="1">0</subfield>
   <subfield code="2">ddc</subfield>
   <subfield code="4">0</subfield>
   <subfield code="6">341_000000000000000_H401</subfield>
   <subfield code="7">0</subfield>
   <subfield code="9">3869</subfield>
   <subfield code="a">000001</subfield>
   <subfield code="b">000001</subfield>
   <subfield code="d">2017-11-20</subfield>
   <subfield code="l">1</subfield>
   <subfield code="o">341 H401</subfield>
   <subfield code="p">MD.02291</subfield>
   <subfield code="r">2018-11-07</subfield>
   <subfield code="s">2018-10-31</subfield>
   <subfield code="v">60000.00</subfield>
   <subfield code="w">2017-11-20</subfield>
   <subfield code="y">BK</subfield>
  </datafield>
  <datafield tag="952" ind1=" " ind2=" ">
   <subfield code="0">0</subfield>
   <subfield code="1">0</subfield>
   <subfield code="2">ddc</subfield>
   <subfield code="4">0</subfield>
   <subfield code="6">341_000000000000000_H401</subfield>
   <subfield code="7">0</subfield>
   <subfield code="9">3870</subfield>
   <subfield code="a">000001</subfield>
   <subfield code="b">000001</subfield>
   <subfield code="d">2017-11-20</subfield>
   <subfield code="o">341 H401</subfield>
   <subfield code="p">MD.02292</subfield>
   <subfield code="r">2018-10-31</subfield>
   <subfield code="v">60000.00</subfield>
   <subfield code="w">2017-11-20</subfield>
   <subfield code="y">BK</subfield>
  </datafield>
  <datafield tag="952" ind1=" " ind2=" ">
   <subfield code="0">0</subfield>
   <subfield code="1">0</subfield>
   <subfield code="2">ddc</subfield>
   <subfield code="4">0</subfield>
   <subfield code="6">341_000000000000000_H401</subfield>
   <subfield code="7">0</subfield>
   <subfield code="9">3871</subfield>
   <subfield code="a">000001</subfield>
   <subfield code="b">000001</subfield>
   <subfield code="d">2017-11-20</subfield>
   <subfield code="l">1</subfield>
   <subfield code="o">341 H401</subfield>
   <subfield code="p">MD.02294</subfield>
   <subfield code="r">2019-09-12</subfield>
   <subfield code="s">2019-09-12</subfield>
   <subfield code="v">60000.00</subfield>
   <subfield code="w">2017-11-20</subfield>
   <subfield code="y">BK</subfield>
  </datafield>
  <datafield tag="952" ind1=" " ind2=" ">
   <subfield code="0">0</subfield>
   <subfield code="1">0</subfield>
   <subfield code="2">ddc</subfield>
   <subfield code="4">0</subfield>
   <subfield code="6">341_000000000000000_H401</subfield>
   <subfield code="7">0</subfield>
   <subfield code="9">3872</subfield>
   <subfield code="a">000001</subfield>
   <subfield code="b">000001</subfield>
   <subfield code="d">2017-11-20</subfield>
   <subfield code="l">1</subfield>
   <subfield code="o">341 H401</subfield>
   <subfield code="p">MD.02295</subfield>
   <subfield code="r">2019-05-27</subfield>
   <subfield code="s">2019-05-22</subfield>
   <subfield code="v">60000.00</subfield>
   <subfield code="w">2017-11-20</subfield>
   <subfield code="y">BK</subfield>
  </datafield>
  <datafield tag="980" ind1=" " ind2=" ">
   <subfield code="a">Thư viện Trường Đại học Nam Cần Thơ</subfield>
  </datafield>
 </record>
</collection>
